000 00495nmm a2200169Ia 4500
008 251105s9999||||xx |||||||||||||||||und||
020 _a8470306375
041 _aspa
100 _aTeresa de Jesús, Santa
245 0 _aLas moradas :
_b Del castillo interior
264 _a[Madrid, España] :
_bBiblioteca Nueva,
_c1999
300 _a480 páginas
490 _aClásicos de Biblioteca Nueva
650 _aReligion(s)
856 _uhttps://public.digitaliapublishing.com/a/4552
942 _cCF
999 _c73133
_d73133